00365 a2200157 4500001000700000020001800007041000800025100001800033250001000051300001100061490002300072830002300095040002500118245003500143260002900178114933 a9781407104287 apor aDeary, Terry. a. ed. a139 p. aHorrible histories aHorrible histories aBR-BrIDEAcBR-BrIDEA10aSavage stone agec Terry Deary a[S.l.]bScholasticc1999